000 01564ngm a22003610a 4500
001 PT15500
003 AR-LpoUNG
005 20210202000147.0
007 vd cvaizq
008 191001s1974||||ag |||||||||||||||||spa d
037 _c$8.33
040 _aAR-LpoUNG
_bspa
_cAR-LpoUNG
_eaacr
041 _aspa
044 _aag
082 0 _a306.34 558mem
100 1 _aGleyzer, Raymundo
_edir.
245 1 0 _aMe matan si no trabajo y si trabajo me matan :
_bla huelga obrera en la fábrica INSUD
260 _aBuenos Aires :
_bBlackman,
_c1974.
300 _aVHS (20 min.) : son., col.
520 _aEl documental fue rodado durante el gobierno de Isabel Perón, y refleja la situación de los obreros metalúrgicos de una planta de acumuladores que enfermaban y morian a causa del plomo y las malas condiciones de trabajo. En esta obra se da una de las últimas apariciones públicas del diputado Rodolfo Ortega Peña, asesinado por las fuerzas paramilitares (AAA), días después de terminado el film. Desde el comienzo mismo, la cámara se comporta como un obrero más, comparte las movilizaciones y las asambleas, y después toma vuelo propio para mostrar a la distancia las fachadas tristes de la explotación.
650 4 _aARGENTINA
650 4 _aCONDICIONES DE TRABAJO
650 4 _aCONFLICTOS LABORALES
650 4 _aHUELGAS
650 4 _aMOVIMIENTOS OBREROS
650 4 _aOBREROS METALURGICOS
650 4 _aTRABAJADORES
653 _aCINE ARGENTINO
653 _aDOCUMENTALES
653 _aVIDEOS
905 _a15500
942 _cVIDEO
999 _c54229
_d54229